=LDR 00000nam 2200000 4500 =001 INLIS000000000015205 =005 20130612110503 =008 ***********************************Ind** =035 ##$$0010-061300000015205 =041 ##$$a Ind =082 ##$$a 621.3 =090 ##$$a 621.31, Sia =100 ##$$a Siahaan, Bisuk =245 ##$$a Kenangan Membangun Proyek Raksasa Ashahana, Bisuk Siahaan =260 ##$$a 1986 $b Jakarta =300 ##$$a 252 hlm, Ilus, 30 cm =650 ##$$a ListrikTenaga Pembangunan =850 ##$$a NBPNMAT